Participants à une élection présidentielle de la Ve République - Statistiques

Statistiques générales
  • Ce quiz a été pris 148 fois
    64 depuis la dernière actualisation
  • Le résultat moyen est 38 sur 77
Statistiques - réponses
Hint Réponse % Correct
1974,1988, 1995, 2002, 2007 Jean-Marie Le Pen
100%
2012, 2017, 2022 Marine Le Pen
100%
2007, 2012 Nicolas Sarkozy
100%
1958, 1965 Charles de Gaulle
98%
2012 François Hollande
96%
2017, 2022 Emmanuel Macron
94%
2017 François Fillon
94%
1965, 1974,1981,1988 François Mitterrand
94%
2022 Anne Hidalgo
93%
1981,1988, 1995, 2002 Jacques Chirac
93%
2012, 2017, 2022 Jean-Luc Mélenchon
91%
1974,1981 Valéry Giscard d'Estaing
91%
1969 Georges Pompidou
89%
2012, 2017, 2022 Philippe Poutou
85%
2022 Eric Zemmour
83%
2017, 2022 Jean Lassalle
83%
2007 Ségolène Royal
83%
2022 Valérie Pécresse
83%
1995, 2002 Lionel Jospin
81%
2012, 2017, 2022 Nathalie Arthaud
81%
1974,1981, 1988, 1995, 2002, 2007 Arlette Laguiller
76%
2017 Benoit Hamon
76%
2012, 2017, 2022 Nicolas Dupont-Aignan
76%
1995 Edouard Balladur
74%
2022 Yannick Jadot
74%
2017 François Asselineau
72%
1995, 2012, 2017 Jacques Cheminade
70%
2022 Fabien Roussel
69%
2012 Eva Joly
63%
2002, 2007, 2012 François Bayrou
63%
1981 Georges Marchais
63%
2002 Jean-Pierre Chevènement
56%
1995, 2007 Philippe de Villiers
56%
1969 Alain Poher
54%
2002, 2007 Olivier Besancenot
54%
1995, 2002 Robert Hue
54%
1981 Michel Debré
52%
1988 Raymond Barre
52%
2002 Christiane Taubira
50%
1974 Jacques Chaban-Delmas
50%
1969 Michel Rocard
48%
2002 Noël Mamère
44%
1995, 2007 Dominique Voynet
35%
1969 Gaston Defferre
31%
2007 José Bové
31%
1965 Jean-Louis Tixier-Vignancour
30%
2007 Marie-George Buffet
30%
1988 André Lajoinie
28%
1981 Brice Lalonde
26%
1965 Jean Lecanuet
26%
1988 Antoine Waechter
24%
1974 René Dumont
24%
1969,1974 Alain Krivine
22%
2002 Bruno Mégret
22%
2002 Christine Boutin
22%
1981 Huguette Bouchardeau
19%
1969 Jacques Duclos
19%
2002 Jean Saint-Josse
19%
1965 Marcel Barbu
17%
1981 Marie-France Garaud
17%
2002 Alain Madelin
15%
2002 Corinne Lepage
15%
2002 Daniel Gluckstein
15%
2007 Frédéric Nihous
15%
1958 Georges Marrane
15%
2007 Gérard Schivardi
15%
1958 Albert Châtelet
13%
1981 Michel Crépeau
13%
1988 Pierre Juquin
13%
1974 Bertrand Renouvin
11%
1974 Jean-Cloud Sebag
11%
1974 Emile Muller
9%
1974 Guy Héraut
9%
1974 Jean Royer
9%
1965 Pierre Marcilhacy
9%
1988 Pierre Boussel
6%
1969 Louis Ducatel
4%
Aucun quiz correspondant
Distribution des résultats
% des personnes avec chaque résultat
Percentile par nombre de réponses
Votre historique - résultats
Vous n’avez pas pris ce quiz depuis la dernière actualisation